| 000 | 00911pam a2200265 a 4500 | ||
|---|---|---|---|
| 001 | 3032713 | ||
| 005 | 20210414113840.0 | ||
| 008 | 950329s1996 nyua b 001 0 eng | ||
| 010 | _a 95013487 | ||
| 020 | _a0070468141 (alk. paper) | ||
| 040 |
_aDLC _cDLC _dDLC |
||
| 050 | 0 | 0 | _aHB171.5.M139 |
| 082 | 0 | 0 |
_a330 _220 |
| 100 | 1 | _aMcConnell, Campbell R. | |
| 245 | 1 | 0 |
_aEconomics :principles, problems, and policies _cCampbell R. McConnell, Stanley L. Brue. |
| 250 | _a13th ed. | ||
| 260 |
_aNew York : _bMcGraw-Hill, _cc1996. |
||
| 300 |
_a1 v. (various pagings) : _bcol. ill. ; _c27 cm. |
||
| 504 | _aIncludes bibliographical references and index. | ||
| 650 | 0 | _aEconomics. | |
| 700 | 1 |
_aBrue, Stanley L., _d1945- |
|
| 906 |
_a7 _bcbc _corignew _d1 _eocip _f19 _gy-gencatlg |
||
| 942 |
_2lcc _cBK |
||
| 999 |
_c33 _d7533 |
||